Flores de mi tierra : (Record no. 69703)

MARC details
000 -LEADER
campo de control de longitud fija 00754nam a2200193 i 4500
001 - NÚMERO DE CONTROL
campo de control 69703
003 - IDENTIFICADOR DE NÚMERO DE CONTROL
campo de control ES-MaACL
005 - FECHA Y HORA DE LA ÚLTIMA TRANSACCIÓN
campo de control 20250821063029.0
007 - CAMPO FIJO DE DESCRIPCIÓN FÍSICA--INFORMACIÓN GENERAL
campo de control de longitud fija t|
008 - DATOS DE LONGITUD FIJA--INFORMACIÓN GENERAL
campo de control de longitud fija 040709s1955 sp ||||1| spa d
100 0# - ENTRADA PRINCIPAL--NOMBRE DE PERSONA
Nombre de persona García y García, Segundo,
Títulos y otros términos asociados al nombre Arcipestre de Lagunilla
9 (RLIN) 55436
245 10 - MENCIÓN DEL TÍTULO
Título Flores de mi tierra :
Resto del título historia, costumbres y leyendas de Ahigal /
Mención de responsabilidad, etc. por Segundo García y García, Arcipestre de Lagunilla.
260 ## - PUBLICACIÓN, DISTRIBUCIÓN, ETC.
Lugar de publicación, distribución, etc. Cáceres :
Nombre del editor, distribuidor, etc. Seminarios de la Jefatura Provincial del Movimiento,
Fecha de publicación, distribución, etc. [1955] (
Fabricante Tip. Extremadura)
300 ## - DESCRIPCIÓN FÍSICA
Extensión 131 p., 2 lám. :
Otras características físicas il. ;
Dimensiones 21 cm.
651 #4 - PUNTO DE ACCESO ADICIONAL DE MATERIA--NOMBRE GEOGRÁFICO
Nombre geográfico Cáceres (Provincia)-
Subdivisión general Historia.
9 (RLIN) 153481
710 2# - ENTRADA AGREGADA--NOMBRE DE ENTIDAD CORPORATIVA
Nombre de entidad corporativa o nombre de jurisdicción como elemento de entrada Movimiento Nacional (España)
9 (RLIN) 5776
852 ## - LOCALIZACIÓN
Ubicación ES-MaACL
Número de control de estantería C-13627
Holdings
Estatus retirado Estado de pérdida Estado de daño No para préstamo Biblioteca de origen Biblioteca actual Ubicación en estantería Fecha de adquisición Fuente de adquisición Total de préstamos Signatura topográfica completa Código de barras Visto por última vez Precio de reemplazo Tipo de ítem Koha
        Biblioteca del Ateneo de Madrid Biblioteca del Ateneo de Madrid Sala Palomar 17/01/2008     C-13627 1072988 23/02/2023 23/02/2023 Libro impreso